00326nam a2200121Ia 4500008004100000041000800041082001400049100001600063245004500079260004100124300003000165365000900195240624s9999 xx 000 0 und d aeng a519.2 RUD aRUDAS TAMAS aHANDBOOK OF PROBABILITY THEORY AND APPLI c2008aLos AngelesbSage Publications axv, : 469 : p. : cm. ; 25 cb25